1051 1439 1768 1093 1588 1028 1453 1551 1097 1359 1721 1726 1523 1201 1808 1705 1089 1593 1505 1817 1350 1646 1256 1717 1467 1952 1243 1949 1691 1681 1097 1358 1530 1043 1638 1129 1705 1792 1972 1315 1584 1627 1944 1594 1727 1133 1661 1011 1442 1226 1915 1068 1130 1580 1369 1541 1161 1781 1745 1740 1649 1296 1364 1500 1363 1887 1081 1897 1816 1313 1372 1137 1023 1639 1291 1240 1252 1249 1845 1424 1475 1485 1266 1768 1859 1265 1937 1764 1319 1729 1782 1551 1506 1652 1550 1559 1386 1582 1425 BCNSPRNW ULIB Ver.6.0+V

เปลี่ยนเป็นภาษาไทย

Change to English
 แสดงรายละเอียดบรรณานุกรม
  กลับหน้าหลัก

Brief Record : Get Marc (ISO 2709) : E-mail record : QR code < ปิดหน้าต่าง
LEADER : 00000nam 2200000uu 4500
001    13399111549
003     ULIB
008    110630s||||||||th 000 0 tha d
020    9743648887
020    9789743648885
050  4 BQ4570^bพ328ธ ล.2 2553
100 0  พระเทพปริยัติเมธี
245 10 ธรรมะอุทยาน เล่ม 2/^cพระเทพปริยัติเมธี
250    พิมพ์ครั้งที่ 1
260    นครสวรรค์ :^bไพศาลกร๊าฟฟิค,^c2553
300    218 หน้า
650  7 ธรรมะ
650  7 ความจริง^xแง่ศาสนา^xพุทธศาสนา
650  7 การดำเนินชีวิต
945    ^p150^l0^i027716
995    ทศพร
999 ^a ใช้งานได้ทุกระบบ
รายการนี้ยังไม่มีแท็ก
คุณยังไม่ได้ล็อกอิน คุณสามารถมีกิจกรรมร่วมกับเว็บไซต์ได้ แต่ต้องล็อกอินก่อน ::
  ล็อกอิน

รายการสื่อสารสนเทศ

ลำดับที่ ประเภท เลขเรียก/บาร์โค้ด สถานที่ สถานะ
- ไม่พบข้อมูล -

รายการใกล้เคียง
    หัวเรื่อง [ธรรมะ]
    หัวเรื่อง [การดำเนินชีวิต]

BibComment


ยังไม่เคยถูกคอมเมนท์

คอมเมนท์ทรัพยากรรายการนี้
  คอมเมนท์: ธรรมะอุทยาน เล่ม ..


 Copyright 2026. Bcnsprnw @Library